01157cam a2200289 a 450000100060000000300100000600500170001600700030003300800410003602000180007704000260009508200140012110000270013524500590016225000170022130000310023833600270026933700330029633800280032949000830035750000410044050002340048152100460071565000480076165000250080970000330083458592CO-BoRNBP20250827143454.0ta211213s2021 ck a cr 000 fdspa  a9789585675063 aCO-BoBNbspacCO-BoBN04a863.72231 aMoure, Gonzalo,d1951-10aFango /cGonzalo Moure ; ilustraciones, Ester García aEd. especial a149 p. :bil. byn ;c20 cm 2rdacontentatextobtxt 2rdamediaasin mediaciónbn 2rdacarrieravolumenbnc0 aPlan Nacional de Lectura y Escritura Leer es mi Cuento / Ministerio de Cultura aIncluye datos curriculares del autor a"Edición especial. Colección de actualización bibliográfica para la Red Nacional de Bibliotecas Públicas del Ministerio de Cultura en el marco del Plan Nacional de Lectura, Escritura y Oralidad, Leer es mi Cuento, 2021"1 aRecomendado para niños de 7 a 12 años14aNovela infantil españolaySiglo XXI2LEMB24aPerrosvNovela2LEMB1 aGarcía, Ester,eilustrador